000 00567nam a2200181Ia 4500
001 8177
005 20260306160550.0
008 260306t2006||||xx |||||||||||||| ||spa||
041 _aESP
082 _a370.117
_bA72
100 _aArias Mejía, Pedro Pascual
_eAUT
245 0 _aEfecto de la educación bilingue intercultural en el aprendizaje de la matemática de los niños aimarahablantes de la Provincia de Moho en el Departamento de puno
260 _c2006
300 _a238 páginas :
_c24 cm.
650 _aGEN
654 _aCED
942 _cLIB
_dJUS
_fJUS
_2ddc
_n
999 _c8177
_d8177